000 00330nam a22001457a 4500
005 20160528121539.0
008 160528b xxu||||| |||| 00| 0 eng d
020 _a007-065643-6
041 _aeng
082 _b5800
245 _aMarketer's Tool kit
260 _bHarward Business sels
650 _aManagement
_9241
942 _cBK
999 _c2054
_d2053